AIDS : le storie, i personaggi, i film /

Guardat en:
Dades bibliogràfiques
Autor principal: Pieracci, Matteo
Format: Llibre
Idioma:italià
Publicat: Alessandria : Falsopiano, 2012
Col·lecció:Falsopiano cinema
Etiquetes: Afegir etiqueta
Sense etiquetes, Sigues el primer a etiquetar aquest registre!

MARC

LEADER 00000nam a22000007i 4500
001 IT\ICCU\UBO\4003662
003 ItRI
005 20260115232153.0
008 130410s2012 it |||||| ||||| |||||c
020 |a 9788889782798 
040 |b ita  |c importazione bologna sebina 
041 7 |a ita  |2 ISO-639-2 
100 1 |a Pieracci, Matteo  |0 IT\ICCU\UBOV\352798 
245 1 0 |a AIDS :  |b le storie, i personaggi, i film /  |c Matteo Pieracci. 
260 |a Alessandria :  |b Falsopiano,  |c 2012 
300 |a 179 p. ;  |c 21 cm 
830 0 |a Falsopiano cinema  |0 IT\ICCU\VEA\0093239 
942 |2 ddc  |c BK  |n 0 
952 |0 0  |1 0  |4 0  |6 A_616_979000000000000_PIE  |7 0  |9 21352  |a BO  |b BO  |d 2026-01-15  |i 17281  |l 0  |o A 616.979 PIE  |p BO17281  |r 2026-01-15 23:21:53  |w 2026-01-15  |x [Sebina 5] [1 v.]  |y BK  |z 1 v. (con dedica dell'A.) 
999 |c 18239  |d 18239